[Event "HUN-chT2 Breyer 1819"]
[Site "Hungary"]
[Date "2019.04.28"]
[Round "9.11"]
[White "Pasztor Turak, Peter"]
[Black "Fekete, Miklos"]
[Result "1-0"]
[WhiteElo "1402"]
[BlackElo "1421"]
[PlyCount "45"]
[EventDate "2018.10.28"]
[EventType "team-tourn"]
[EventRounds "9"]
[EventCountry "HUN"]
[SourceTitle "EXT 2021"]
[Source "ChessBase"]
[SourceDate "2020.10.23"]
[SourceVersion "1"]
[SourceVersionDate "2020.10.23"]
[SourceQuality "1"]
[WhiteTeam "Esztergom"]
[BlackTeam "Kisber Aszar"]
[WhiteTeamCountry "HUN"]
[BlackTeamCountry "HUN"]

1. e4 e5 2. Nf3 d6 3. Bc4 Nf6 4. Nc3 h6 5. 0-0 Nc6 6. d4 Be7 7. h3 0-0 8. a3 a6 9. Re1 b5 10. Ba2 Re8 11. b4 Bb7 12. Nd5 g5 13. Bb2 Bf8 14. Qd2 Bg7 15. Qd3 Qd7 16. dxe5 dxe5 17. Nxf6+ Bxf6 18. Qxd7 Rad8 19. Qxf7+ Kh8 20. Qxf6+ Kh7 21. Nxe5 Nd4 22. Qg6+ Kh8 23. Nf7# 1-0